Guess the Marvel Superhero by powers/abilities - Statistics

General Stats
  • This quiz has been taken 163 times
  • The average score is 13 of 20
Answer Stats
Power Answer % Correct
Robotic Suit Iron Man
99%
Webs, Wall Crawling, Spidey Senses Spiderman
99%
Super Soldier Formula and a Shield Captain America
98%
Gamma Monster Hulk
93%
Regeneration, Claws Wolverine
93%
Lighting Thor
89%
Magic and Mystic Arts Doctor Strange
70%
Control the Weather Storm
70%
Turns into a flaming man Human Torch
66%
Elasticity Mr. Fantastic
64%
Creats Ice Iceman
62%
Optic Laser Blasts Cyclops
60%
Accelerated Healing/Immortality Deadpool
60%
Telepathy and Telekenisis (Manifests the Pheonix) Jean Gray
58%
Telepathy Professor X
55%
Steel Skin Colossus
45%
Echolocation, Superhuman senses Daredevil
44%
Teleportation Nightcrawler
43%
The Power Cosmic Silver Surfer
40%
Turns objects into explosives Gambit
27%
No matching quizzes found
Score Distribution
Percent of People with Each Score
Percentile by Number Answered
Your Score History
You have not taken this quiz